000 00757cam a2200205 i 4500
005 20260115103802.0
008 250721s2002 jo gr 000 0 ara d
020 _a9957112694
082 1 4 _a321
_bم ص ا
100 1 _aالمصالحة، محمد حمدان
_eمؤلف.
245 1 2 _aالإتصال السياسي :
_bمقترب نظري تطبيقي /
_cتأليف الدكتور محمد حمدان المصالحة.
250 _aالطبعة الثانية، مزيدة ومنقحة.
264 3 1 _aعمان :
_bدار وائل،
_c2002.
300 _a350 صفحة.
650 1 7 _aالعلوم السياسية.
650 1 7 _aالإعلام.
650 1 7 _aوسائل الإتصال.
942 _2ddc
_cBK
999 _c61588
_d61588